00785 a2200217 450000500170000000800410001702000150005804000500007304100080012310000240013124500870015526000370024230000420027949000570032165000360037865000350041465000360044965000300048570000300051570000220054520180312141948.0131025s1991 ck a br|||| 00| 0 spa d a9580412782 aCO-BoUCMbspacJose A. GerenadJose A. Gerena00aspa1 aParramón Josep M.10aMi jardíncJosep M. Parramón, Isidro Sánchez ; ilustraciones de Irene Bordoy c1991bNormaaBogotá (Colombia) a[30] páginasbilustraciones a color aPrimera biblioteca de los niñosaSerie estoy en... 7aLibros ilustrados para niños  7aLibros y lectura para niños  7aLiteratura infantil española  7aNiños en la literatura 1 aBordoy, Ireneeilustrador1 aSánchez, Isidro